Famous Fables - Statistics

General Stats
  • This quiz has been taken 18 times
  • The average score is 2 of 13
Answer Stats
Hint Answer % Correct
Don’t lie, or no one will believe you. The boy who cried wolf
94%
It’s easy to despise what you cannot have. The Fox and the Grapes
25%
Slow and steady wins the race. The Tortoise and the Hair
19%
Appearances can be deceiving. The Wolf in Sheep's clothing
13%
Prepare for today for the needs tomorrow. The Ant and the Grasshopper
6%
Treat others as you wish to be treated. The fox and the stork
6%
Be careful what you wish for. The Frogs Who Desired a King
6%
Be content with what you have. The Dog and His Reflection
0%
Greed can destroy the source of your good fortune. The Goose That Laid the Golden Eggs
0%
No act of kindness, no matter how small, is ever wasted. The Lion and the Mouse
0%
You can't please everyone The Miller, His Son, and the Donkey
0%
Gentle persuasion is more effective than force. The North Wind and the Sun
0%
Better a simple life in safety than a luxurious one in fear. The Town Mouse and the Country Mouse
0%
No matching quizzes found
Score Distribution
Percent of People with Each Score
Percentile by Number Answered
Your Score History
You have not taken this quiz